000 00610nam a2200205Ii 4500
003 JO-AjNU
008 230606s9999||||xx |||||||||||||| ||und||
020 _a978-0-470-09352-8/0-470-09352-8
040 _aJO-AjNU
_beng
_erda
_cJO-AjNU
041 _aeng
050 1 4 _aHF5415.32.E933.2006
100 3 _aEvans,Martin/Ahmad Jamal/Gordon Foxall,
_eauthor
_91778
245 0 0 _aConsumer Behaviour
264 3 1 _aIndia:John Wiley&Sons Ltd,2006
300 _a403p
336 _atext
_btxt
_2rdacontent
337 _aunmediated
_bn
_2rdamedia
338 _avolume
_bnc
_2rdacarrier
650 4 _aConsumer Behaviour
_91779
999 _aE937
_c937
_d937